El tragaluz

Guardado en:
Bibliografiske detaljer
Hovedforfatter: Buero Vallejo, Antonio
Format: Ukendt
Sprog:Spanish
Udgivet: Madrid, España Escelicer 1972
Fag:
Tags: Tilføj Tag
Ingen Tags, Vær først til at tagge denne postø!

MARC

LEADER 00000 a2200000 4500
008 190517b ||||| |||| 00| 0 spa d
999 |c 30708  |d 30708 
040 |a cru BVZT 
090 |a 862 B-23tr 
100 |a Buero Vallejo, Antonio 
245 |a El tragaluz  |c Antonio Buero Vallejo 
260 |a Madrid, España  |b Escelicer  |c 1972 
300 |a 103 páginas 
650 |a LITERATURA ESPAÑOLA  |9 23 
650 |a OBRA DE TEATRO 
942 |c 4 D  |h 862 B-23tr  |2 z